01227nam a22001577a 4500008004100000020001800041050001700059100002900076245014200105260005400247300006100301490002500362505063000387650002801017650002401045180719s2016 mx d|||| |||| 00| 0 spa d a978987182212604aHD62.25bP351 aPaladino, Marceloeautor16aDe la empresa familiar a la familia empresariab : un itinerario para la trascendenciac / Marcelo Paladino, Lucio Traverso, Paula Caputo aMéxicob : LIDbKonrad Adenauer | SOPLAc, 2016 a442 páginasbilustraciones, cuadros, fotos, gráficos aAcción empresarial aDe la empresa familiar a la familia empresaria La situación de las familias empresarias en Latinoamérica Los valores de la familia empresaria Un camino hacia la unidad familiar y el compromiso: la cultura asociativa en las familias empresarias La relación de la familia empresaria en el contexto La profesionalización de la empresa, la familia y las personas Confianza y poder en las empresas familiares Los órganos de gobierno de la familia empresaria Un modelo para comprender las empresas familiares multi-generacionales. El family office El legado emprendedor en la familia empresaria-el papel del family office14aEMPRENDIMIENTO FAMILIAR14aEMPRESAS FAMILIARES